European property investors and bankers survey 2008 (Record no. 107986)

MARC details
000 -LEADER
fixed length control field 01317cad a22002295a 4500
001 - CONTROL NUMBER
control field L142811
008 - FIXED-LENGTH DATA ELEMENTS--GENERAL INFORMATION
fixed length control field 070316s2008 xxk f 000 0 eng d
035 ## - SYSTEM CONTROL NUMBER
System control number (Sirsi) u142811
041 0# - LANGUAGE CODE
Language code of text/sound track or separate title eng
110 2# - MAIN ENTRY--CORPORATE NAME
Corporate name or jurisdiction name as entry element King Sturge
9 (RLIN) 3877
245 00 - TITLE STATEMENT
Title European property investors and bankers survey 2008
Medium [electronic resource]
260 ## - PUBLICATION, DISTRIBUTION, ETC.
Place of publication, distribution, etc. [S.l.]
Name of publisher, distributor, etc. King Sturge
Date of publication, distribution, etc. 2008
490 #0 - SERIES STATEMENT
Series statement King Sturge European Property Investors and Bankers Survey
Volume/sequential designation 2008
520 ## - SUMMARY, ETC.
Summary, etc. Reports strong confidence in European commercial property with investment returns expected to exceed the previous year. Compares expectations in the UK market with expectation in the European market, and finds that most investors believe growth in the European market will outstrip that of the UK. Reports that investors and bankers are turning their attention away from new Central and Eastern Europe and the UK, expecting better returns to come from Germany, France, Italy and Spain.
590 ## - LOCAL NOTE (RLIN)
Local note KA
650 24 - SUBJECT ADDED ENTRY--TOPICAL TERM
Topical term or geographic name entry element KING STURGE EUROPEAN PROPERTY INVESTORS AND BANKERS SURVEY
650 24 - SUBJECT ADDED ENTRY--TOPICAL TERM
Topical term or geographic name entry element COMMERCIAL ENERGY PERFORMANCE CERTIFICATES
651 #4 - SUBJECT ADDED ENTRY--GEOGRAPHIC NAME
Geographic name Europe
690 ## - LOCAL SUBJECT ADDED ENTRY--TOPICAL TERM (OCLC, RLIN)
Topical term or geographic name as entry element PROPERTY-COMMERCIAL PROPERTY-COMMERCIAL PROPERTY FINANCE AND INVESTMENT
856 40 - ELECTRONIC LOCATION AND ACCESS
Uniform Resource Identifier <a href="https://www.kingsturge.co.uk/">https://www.kingsturge.co.uk/</a>
Public note View the item free of charge at www.kingsturge.co.uk...
942 ## - ADDED ENTRY ELEMENTS (KOHA)
Suppress in OPAC 0
Holdings
Withdrawn status Lost status Source of classification or shelving scheme Damaged status Not for loan Home library Current library Shelving location Date acquired Total Checkouts Full call number Barcode Date last seen Copy number Price effective from Koha item type
    Dewey Decimal Classification     Virtual Virtual Online 11/03/2008   ONLINE PUBLICATION 142811-1001 06/08/2019 1 06/08/2019 Book